| 000 | 01845cam a22004095a 4500 | ||
|---|---|---|---|
| 001 | 4832539 | ||
| 003 | EG-ScBUE | ||
| 005 | 20220523100742.0 | ||
| 008 | 900417m19981999enkab f 000 0 eng d | ||
| 020 | _a0521376831 (Workbook 2) | ||
| 020 | _a9780521376839 (Workbook 2) | ||
| 020 | _a0521376815 (Student's book 2) | ||
| 020 | _a9780521376815 (Student's book 2) | ||
| 035 | _a(DLC) 90001912 | ||
| 040 |
_aEG-ScBUE _beng _erda _cEG-ScBUE _dEG-ScBUE |
||
| 082 | 0 | 4 |
_a428.24 _bRIC _222 |
| 100 | 1 |
_aRichards, Jack C, _d1943- _eauthor. _97646 |
|
| 245 | 1 | 0 |
_aInterchange : _bEnglish for international communication. _n2 / _cJack C. Richards, Jonathan Hull, Susan Proctor. |
| 250 | _aReprinted edition. | ||
| 264 | 1 |
_aCambridge, U.K. : _bCambridge University Press. _c[between 1998-1999] |
|
| 300 |
_a2 volumes : _billustrations, maps ; _c28 cm |
||
| 336 |
_2rdacontent _atext _btxt |
||
| 337 |
_2rdamedia _aunmediated _bn |
||
| 338 |
_2rdacarrier _avolume _bnc |
||
| 505 | 0 | _aWorkbook -- Student's book. | |
| 520 | _aThis student cassette accompanies a colour-illustrated student's book containing 15 units, each focusing on a practical theme or topic such as occupations and work, travel, shopping and entertainment and supported by grammatical structures, vocabulary, pronunciation, reading and writing exercises. | ||
| 590 | _amohamed. | ||
| 650 | 7 |
_aEnglish language _vTextbooks for foreign speakers. _2BUEsh _97647 |
|
| 650 | 7 |
_aCommunication, International _vProblems, exercises, etc. _2BUEsh _97648 |
|
| 653 |
_bHHUUEENN _cJuly2019 |
||
| 655 |
_vReading book _934232 |
||
| 700 | 1 |
_aHull, Jonathan _eauthor. _97649 |
|
| 700 | 1 |
_aProctor, Susan. _d1945- _eauthor. _97650 |
|
| 856 | 4 | 2 |
_3Publisher description _uhttp://www.loc.gov/catdir/description/cam024/90001912.html |
| 942 |
_2ddc _k428.24 RIC _cBB |
||
| 999 |
_c12221 _d12221 |
||